| 000 | nam a22 a 4500 | ||
|---|---|---|---|
| 999 |
_c355182 _d355182 |
||
| 003 | BLK | ||
| 005 | 20220223100717.0 | ||
| 008 | 200416b bu ||||| |||| 00| 0 bu d | ||
| 040 | _aBLK | ||
| 041 |
_aBUL _cBUL |
||
| 080 |
_aФренска литература _b821.133.1 _x-32 _z821.133.1-32 |
||
| 100 |
_9241690 _aДюма, Александър _eпърви автор |
||
| 139 |
_aДюма, Александър _bД 98 |
||
| 245 |
_aМонаха, който приживе копае гроба си _bЛюбопитен разказ _cАлександър Дюма-баща ; Прев. от фр |
||
| 260 |
_9405199 _aРусчук _bС. Стоянов _c1881 _fскоропеч. на в. Славянин |
||
| 300 |
_a46 с. _c18 см |
||
| 380 | _aX | ||
| 700 |
_91177 _eпрев. от фр. |
||
| 852 | _aК 821/Д 98 | ||
| 942 |
_cKNG _n0 _s1 |
||
| 944 |
_c2020-04-16 _kВаля Йорданова |
||
| 999 | _d355182 | ||